Normal view MARC view

Entry Personal Name

Number of records used in: 2

001 - CONTROL NUMBER

  • control field: 54737

003 - CONTROL NUMBER IDENTIFIER

  • control field: dpl

005 - DATE AND TIME OF LATEST TRANSACTION

  • control field: 20130114112816.0

008 - FIXED-LENGTH DATA ELEMENTS

  • fixed length control field: 130114|||a|||||| | ||| d

040 ## - CATALOGING SOURCE

  • Original cataloging agency: dpl
  • Transcribing agency: dpl

100 ## - HEADING--PERSONAL NAME

  • Personal name: पाराशर, अश्विनी

670 ## - SOURCE DATA FOUND

  • Source citation: Work cat.: (dpl)67498: पाराशर, अश्विनी, समय के सामने:, 2012

670 ## - SOURCE DATA FOUND

  • Source citation: Work cat.: (dpl)67498: पाराशर, अश्विनी, समय के सामने:, 2012

© Delhi Public Library
Hit Counter
free hit counter